书目信息 |
| 题名: |
技术教育概论
|
|
| 作者: | ;华东师范大学教育科学研究所技术教育研究室 编著 | |
| 分册: | ||
| 出版信息: | 上海 华东师范大学出版社 1985 |
|
| 页数: | 380页 | |
| 开本: | 20cm | |
| 丛书名: | 教育科学丛书 | |
| 单 册: | ||
| 中图分类: | G710 | |
| 科图分类: | ||
| 主题词: | 技术教育 | |
| 电子资源: | ||
| ISBN: | ||
| 000 | 00815nam2 2200265 45 | |
| 001 | 0185002807 | |
| 005 | 20040429091059.2 | |
| 010 | @dCNY1.90 | |
| 091 | @a7135.125 | |
| 100 | @a19920608d1985 emky0chiy0121 ea | |
| 101 | 0 | @achi |
| 102 | @aCN@b310000 | |
| 105 | @ay z 000yy | |
| 106 | @ar | |
| 200 | 10 | @a技术教育概论@Aji shu jiao yu gai lun@f华东师范大学教育科学研究所技术教育研究室编著 |
| 210 | @a上海@c华东师范大学出版社@d1985 | |
| 215 | @a380页@d20cm | |
| 225 | 2 | @a教育科学丛书 |
| 410 | 0 | @120010@a教育科学丛书 |
| 606 | @a技术教育 | |
| 690 | @aG710@v3 | |
| 711 | 02 | @a华东师范大学教育科学研究所技术教育研究室@Ahua dong shi fan da xue jiao yu ke xue yan jiu suo ji shu jiao yu yan jiu shi@4编著 |
| 801 | 0 | @aCN@b深圳图书馆@c20040429 |
| 801 | 2 | @aCN@bNLC@c20040429 |
| 905 | @dG710@e4@b169524@f1 | |
| 技术教育概论/华东师范大学教育科学研究所技术教育研究室编著.-上海:华东师范大学出版社,1985 |
| 380页;20cm.-(教育科学丛书) |
| ISBN :CNY1.90 |
| ● |
| 相关链接 |
|
|
|
|
正题名:技术教育概论
索取号:G710/4
 
预约/预借
| 序号 | 登录号 | 条形码 | 馆藏地/架位号 | 状态 | 备注 |
| 1 | 0169524 | 001002514 | 密集书库/ [索取号:G710/4] | 在馆 | |
| 2 | 0169525 | 001002505 | 第一样本阅览室/ [索取号:G710/4] | 在馆 |